00617 2200229 4500001002100000005001500021035002000036007000300056008004100059082001000100084001600110100003100126245004100157250001100198300003100209650000900240264003900249336002100288337001900309338002100328856003800349INLIS00000000000062120250814013259 a0010-0825000063ta250814 g 0 ind  a636.5 a636.5 BHA c1 aBharoto, Kun D.ePengarang1 aCara Beternak Itik /cKun D. Bharoto aCet. 1 av, 46 p. :bilus. ;c20 cm 4aItik aSurakarta :bCV. Aneka Ilmu,c2001 2rdacontentateks 2rdamediaabuku 2rdacarrierabuku aPerpustakaan SMK PP Negeri Kupang